| 000 | 00569nam a22001817a 4500 | ||
|---|---|---|---|
| 005 | 20250307103723.0 | ||
| 010 | _aENG-143988 | ||
| 020 |
_c250.00 _a9789382245131 |
||
| 035 | _aEN-127520 | ||
| 037 | _bDBAD | ||
| 082 | _a954.12 | ||
| 100 |
_aJain, Harish _979367 |
||
| 245 |
_aPunjab From Ancient Times to the President/ _cBy Harish Jain |
||
| 260 |
_aChandigarh _bScience and General Publishers _c2012 |
||
| 270 |
_bChandigarh _asco.26-27,sector-34 A, _k0172-5077427 _e160022 |
||
| 300 | 4 |
_a231p. _c24cm(Hardbound) |
|
| 942 |
_2ddc _cEN _h954.12 _mJAI |
||
| 999 |
_c210143 _d210143 |
||